101 RESEPTE BAK MET GEMAK (Record no. 340692)

MARC details
000 -LEADER
fixed length control field 00275nam a2200109Ia 4500
008 - FIXED-LENGTH DATA ELEMENTS--GENERAL INFORMATION
fixed length control field 220630s9999 xx 000 0 und d
020 ## - INTERNATIONAL STANDARD BOOK NUMBER
International Standard Book Number 978-1-77007-864-2
082 ## - DEWEY DECIMAL CLASSIFICATION NUMBER
Classification number 641.8653 BILL
100 ## - MAIN ENTRY--PERSONAL NAME
Personal name HILLARY, BILLER
9 (RLIN) 153900
245 #0 - TITLE STATEMENT
Title 101 RESEPTE BAK MET GEMAK
942 ## - ADDED ENTRY ELEMENTS
item type Books
-- 561
-- John Tresidder
Holdings
Withdrawn status Lost status Damaged status Not for loan Home library Current library Date acquired Cost, normal purchase price Total Checkouts Barcode Date last seen Date last checked out Price effective from item type Source of classification or shelving scheme Shelving location Full call number Public note
        Mashishing Mobile Library Mashishing Mobile Library 11.03.2022     33228019463809 11.03.2022   11.03.2022 Books Dewey Decimal Classification Non Fiction 641.8653 BILL  
        Mbombela City Library Mbombela City Library 19.08.2021 200.00 5 33228021501448 31.05.2024 23.04.2024 19.08.2021 Books        
        Nasaret PL (MMID-PLST-NASA) Nasaret PL (MMID-PLST-NASA) 30.06.2022 161.50   33228021484975 30.06.2022   30.06.2022 Books       170355
        Somaphepha PL (MMID-PLST-RIET) Somaphepha PL (MMID-PLST-RIET) 01.07.2022 161.50   3 322802148488 4 01.07.2022   01.07.2022 Books       170355